000
00282nam a22000977a 4500
005
20250901165532.0
008
210603b |||||||| |||| 00| 0 eng d
050
_a
CB69 .M35 2000
245
_a
A history of world societies
_c
MCKAY, JOHN P.
942
_2
lcc
_h
CB69 .M35 2000
999
_c
5452
_d
5452